Americas cultural view towards EU's foreign policy and international affairs <the> European neighbourhood policy examined

Enregistré dans:
Détails bibliographiques
Auteur principal: Freiberg, M.A. Björn
Format: Chapitre de livre
Langue:anglais
Sujets:
Tags: Ajouter un tag
Pas de tags, Soyez le premier à ajouter un tag!

MARC

LEADER 00000naa$a2200000$$$4500
001 0039101
005 20230712073336.6
041 0 |a eng 
044 |a SK 
245 1 0 |a Americas cultural view towards EU's foreign policy and international affairs  |b <the> European neighbourhood policy examined  |c M.A. Björn Freiberg 
610 2 0 |a Európska únia 
610 2 0 |a národ 
610 2 0 |a hodnota 
610 2 0 |a náboženstvo 
610 2 0 |a správanie 
100 1 |a Freiberg, M.A. Björn